[Event "Göteborg Open 2015"]
[Site "Biblioteksgatan 2, Mölnlycke, Sweden"]
[Date "2015.08.16"]
[Round "7.4"]
[White "Fries-Nielsen, Jens Ove"]
[Black "Byklum, Björnar"]
[Result "0-1"]
[BlackElo "2283"]
[WhiteElo "2434"]
[LiveChessVersion "1.4.6"]

1. e3 {[%clk 1:28:18]} g6 {[%clk 1:29:41]} 2. h4 {[%clk 1:27:01]} Nf6
{[%clk 1:22:50]} 3. g4 {[%clk 1:26:54]} d5 {[%clk 1:20:19]} 4. g5
{[%clk 1:26:59]} Ne4 {[%clk 1:19:29]} 5. d3 {[%clk 1:27:17]} Nd6 {[%clk 1:18:35]}
6. h5 {[%clk 1:25:50]} c6 {[%clk 1:12:19]} 7. hxg6 {[%clk 1:23:34]} fxg6
{[%clk 1:12:43]} 8. Nc3 {[%clk 1:15:12]} Bg7 {[%clk 1:12:00]} 9. Qf3
{[%clk 1:15:35]} e5 {[%clk 1:08:08]} 10. e4 {[%clk 1:15:44]} d4 {[%clk 1:08:13]}
11. Nce2 {[%clk 1:16:02]} Nd7 {[%clk 0:56:27]} 12. Qg3 {[%clk 1:16:10]} Nf7
{[%clk 0:52:51]} 13. Bh3 {[%clk 1:15:23]} Qe7 {[%clk 0:46:24]} 14. Bd2
{[%clk 1:14:15]} a5 {[%clk 0:44:26]} 15. c3 {[%clk 1:12:30]} dxc3
{[%clk 0:42:14]} 16. bxc3 {[%clk 1:12:20]} Nc5 {[%clk 0:41:53]} 17. Bg2
{[%clk 1:11:12]} b6 {[%clk 0:36:34]} 18. Rb1 {[%clk 1:04:05]} Ba6
{[%clk 0:30:41]} 19. Nc1 {[%clk 1:00:46]} Rd8 {[%clk 0:25:22]} 20. c4
{[%clk 0:58:22]} Qc7 {[%clk 0:24:45]} 21. Nge2 {[%clk 0:57:09]} Rd6
{[%clk 0:20:29]} 22. Be3 {[%clk 0:44:39]} Qd8 {[%clk 0:20:20]} 23. O-O
{[%clk 0:44:19]} O-O {[%clk 0:17:35]} 24. Nc3 {[%clk 0:40:31]} Bc8
{[%clk 0:09:12]} 25. Rd1 {[%clk 0:38:04]} Be6 {[%clk 0:08:52]} 26. Bf3
{[%clk 0:34:36]} Nxd3 {[%clk 0:07:33]} 27. Bxb6 {[%clk 0:34:28]} Qd7
{[%clk 0:07:56]} 28. c5 {[%clk 0:33:23]} Rd4 {[%clk 0:08:17]} 29. N1e2
{[%clk 0:30:40]} Nf4 {[%clk 0:05:51]} 30. Nxd4 {[%clk 0:29:07]} exd4
{[%clk 0:06:13]} 31. Nd5 {[%clk 0:11:07]} Nh3+ {[%clk 0:05:09]} 32. Kh1
{[%clk 0:10:14]} Nfxg5 {[%clk 0:05:31]} 33. Bg2 {[%clk 0:10:35]} cxd5
{[%clk 0:05:23]} 34. c6 {[%clk 0:10:07]} Qxc6 {[%clk 0:04:24]} 35. Bxd4
{[%clk 0:09:06]} Bxd4 {[%clk 0:04:08]} 36. Rxd4 {[%clk 0:09:35]} Nxf2+
{[%clk 0:04:16]} 37. Kg1 {[%clk 0:10:04]} Nfxe4 {[%clk 0:03:32]} 38. Qe3
{[%clk 0:10:33]} Kg7 {[%clk 0:02:12]} 39. Rc1 {[%clk 0:10:56]} Qd6
{[%clk 0:02:21]} 40. Rd3 {[%clk 0:10:08]} Qf4 {[%clk 0:02:27]} 41. Qd4+
{[%clk 0:10:19]} Qf6 {[%clk 0:02:37]} 42. Rc7+ {[%clk 0:09:41]} Rf7
{[%clk 0:02:42]} 43. Rxf7+ {[%clk 0:08:59]} Bxf7 {[%clk 0:03:05]} 44. Qxf6+
{[%clk 0:09:19]} Kxf6 {[%clk 0:03:21]} 45. Ra3 {[%clk 0:09:47]} Ke5
{[%clk 0:02:05]} 46. Rxa5 {[%clk 0:10:12]} Kf4 {[%clk 0:01:53]} 47. a4
{[%clk 0:10:29]} d4 {[%clk 0:02:11]} 48. Rb5 {[%clk 0:10:11]} d3 {[%clk 0:02:12]}
49. Bf1 {[%clk 0:08:18]} d2 {[%clk 0:02:01]} 50. Be2 {[%clk 0:08:22]} Bc4
{[%clk 0:02:12]} 0-1

[Event "Göteborg Open 2015"]
[Site "Biblioteksgatan 2, Mölnlycke, Sweden"]
[Date "2015.08.16"]
[Round "7.5"]
[White "Alvir, Aco"]
[Black "Ask, Josef"]
[Result "1/2-1/2"]
[BlackElo "2166"]
[WhiteElo "2357"]
[LiveChessVersion "1.4.6"]

1. e4 {[%clk 1:30:44]} e5 {[%clk 1:30:16]} 2. Nf3 {[%clk 1:30:49]} Nc6
{[%clk 1:30:28]} 3. Bb5 {[%clk 1:31:06]} Nge7 {[%clk 1:29:57]} 4. O-O
{[%clk 1:30:09]} g6 {[%clk 1:30:04]} 5. c3 {[%clk 1:29:33]} Bg7 {[%clk 1:30:21]}
6. d4 {[%clk 1:29:30]} exd4 {[%clk 1:30:16]} 7. cxd4 {[%clk 1:29:50]} d5
{[%clk 1:30:33]} 8. exd5 {[%clk 1:29:45]} Nxd5 {[%clk 1:30:53]} 9. Re1+
{[%clk 1:29:37]} Be6 {[%clk 1:31:13]} 10. Bg5 {[%clk 1:29:46]} Qd6
{[%clk 1:31:32]} 11. Nbd2 {[%clk 1:29:59]} O-O {[%clk 1:31:14]} 12. Ne4
{[%clk 1:29:00]} Qb4 {[%clk 1:26:11]} 13. Bxc6 {[%clk 1:29:02]} bxc6
{[%clk 1:26:35]} 14. Qc1 {[%clk 1:29:18]} Rfe8 {[%clk 1:25:36]} 15. h3
{[%clk 1:29:25]} f6 {[%clk 1:22:37]} 16. Bd2 {[%clk 1:24:11]} Qb6
{[%clk 1:22:18]} 17. b3 {[%clk 1:23:25]} Rad8 {[%clk 1:18:48]} 18. Qa3
{[%clk 1:19:40]} g5 {[%clk 1:14:45]} 19. Nc5 {[%clk 1:15:19]} Bf7
{[%clk 1:12:55]} 20. Rac1 {[%clk 1:08:14]} Bf8 {[%clk 1:09:45]} 21. Qa4
{[%clk 0:57:47]} Rxe1+ {[%clk 1:06:35]} 22. Rxe1 {[%clk 0:47:33]} Bd6
{[%clk 1:03:56]} 23. Qa3 {[%clk 0:38:38]} Ne7 24. Qc1 1/2-1/2

[Event "Göteborg Open 2015"]
[Site "Biblioteksgatan 2, Mölnlycke, Sweden"]
[Date "2015.08.16"]
[Round "7.6"]
[White "Dahl, Trygve"]
[Black "Braun, Christian"]
[Result "0-1"]
[BlackElo "2420"]
[WhiteElo "2090"]
[LiveChessVersion "1.4.6"]

1. e4 {[%clk 1:29:51]} e6 {[%clk 1:30:55]} 2. d4 {[%clk 1:30:15]} d5
{[%clk 1:31:23]} 3. Nc3 {[%clk 1:30:38]} Nf6 {[%clk 1:31:50]} 4. Bg5
{[%clk 1:31:00]} Be7 {[%clk 1:32:14]} 5. e5 {[%clk 1:31:26]} Nfd7
{[%clk 1:32:41]} 6. Bxe7 {[%clk 1:31:47]} Qxe7 {[%clk 1:33:07]} 7. f4
{[%clk 1:32:10]} a6 {[%clk 1:33:33]} 8. Nf3 {[%clk 1:32:35]} c5 {[%clk 1:34:00]}
9. dxc5 {[%clk 1:32:13]} Nc6 {[%clk 1:34:24]} 10. Qd2 {[%clk 1:32:37]} Qxc5
{[%clk 1:34:50]} 11. Bd3 {[%clk 1:32:56]} b5 {[%clk 1:35:15]} 12. a3
{[%clk 1:33:21]} Bb7 {[%clk 1:35:41]} 13. Qf2 {[%clk 1:33:47]} Qxf2+
{[%clk 1:36:02]} 14. Kxf2 {[%clk 1:34:13]} Ke7 {[%clk 1:36:02]} 15. Ne2
{[%clk 1:33:42]} f6 {[%clk 1:36:19]} 16. exf6+ {[%clk 1:29:37]} gxf6
{[%clk 1:36:42]} 17. Rhe1 {[%clk 1:29:21]} Kd6 {[%clk 1:21:54]} 18. c3
{[%clk 1:26:35]} e5 {[%clk 1:19:57]} 19. Rad1 {[%clk 1:21:08]} Nb6
{[%clk 1:17:44]} 20. Ng3 {[%clk 1:16:28]} Rae8 {[%clk 1:17:00]} 21. Bc2
{[%clk 1:14:52]} Kc7 {[%clk 1:16:26]} 22. b3 {[%clk 1:13:25]} Bc8
{[%clk 1:14:46]} 23. Bf5 {[%clk 1:04:32]} exf4 {[%clk 1:12:59]} 0-1

[Event "Göteborg Open 2015"]
[Site "Biblioteksgatan 2, Mölnlycke, Sweden"]
[Date "2015.08.16"]
[Round "7.7"]
[White "Bengtsson, Jessica"]
[Black "Nygren, Kim"]
[Result "0-1"]
[BlackElo "2211"]
[WhiteElo "2065"]
[LiveChessVersion "1.4.6"]

1. e4 {[%clk 1:30:57]} d5 {[%clk 1:25:19]} 2. exd5 {[%clk 1:30:56]} Nf6
{[%clk 1:25:38]} 3. d4 {[%clk 1:31:06]} Bg4 {[%clk 1:25:28]} 4. Nf3
{[%clk 1:25:53]} Nxd5 {[%clk 1:24:34]} 5. c4 {[%clk 1:23:34]} Nb6
{[%clk 1:21:59]} 6. c5 {[%clk 1:23:29]} N6d7 {[%clk 1:14:35]} 7. Be3
{[%clk 1:21:58]} e5 {[%clk 1:07:11]} 8. dxe5 {[%clk 1:13:24]} Nc6
{[%clk 1:04:24]} 9. Be2 {[%clk 0:47:39]} Bxc5 {[%clk 1:00:58]} 10. Bxc5
{[%clk 0:45:09]} Nxc5 {[%clk 0:58:39]} 11. Nbd2 {[%clk 0:34:06]} Nd3+
{[%clk 0:53:19]} 12. Kf1 {[%clk 0:33:28]} Bxf3 {[%clk 0:50:51]} 13. Nxf3
{[%clk 0:33:20]} Ndxe5 {[%clk 0:50:54]} 14. Qb3 {[%clk 0:31:59]} O-O
{[%clk 0:44:08]} 15. Nxe5 {[%clk 0:25:24]} Nxe5 {[%clk 0:44:23]} 16. Qxb7
{[%clk 0:25:11]} Rb8 {[%clk 0:43:46]} 17. Qe4 {[%clk 0:24:28]} Qf6
{[%clk 0:43:37]} 18. Qd4 {[%clk 0:18:21]} Rfd8 {[%clk 0:38:59]} 19. Qc3
{[%clk 0:18:38]} Rd6 {[%clk 0:38:03]} 20. Rd1 {[%clk 0:16:38]} Rxd1+
{[%clk 0:36:23]} 21. Bxd1 {[%clk 0:17:03]} Qa6+ {[%clk 0:36:32]} 22. Kg1
{[%clk 0:13:08]} Qd3 {[%clk 0:35:20]} 23. Qxd3 {[%clk 0:07:34]} Nxd3
{[%clk 0:35:39]} 24. b3 {[%clk 0:05:47]} Re8 0-1

[Event "Göteborg Open 2015"]
[Site "Biblioteksgatan 2, Mölnlycke, Sweden"]
[Date "2015.08.16"]
[Round "7.8"]
[White "Nyström, Jonas"]
[Black "Johansen, Paul"]
[Result "0-1"]
[BlackElo "2161"]
[WhiteElo "1911"]
[LiveChessVersion "1.4.6"]

1. e4 {[%clk 1:30:58]} c5 {[%clk 1:30:55]} 2. Nf3 {[%clk 1:31:10]} Nc6
{[%clk 1:31:16]} 3. d4 {[%clk 1:31:10]} cxd4 {[%clk 1:31:41]} 4. Nxd4
{[%clk 1:31:35]} g6 {[%clk 1:32:02]} 5. c4 {[%clk 1:30:59]} Bg7 {[%clk 1:32:26]}
6. Be3 {[%clk 1:30:24]} a6 {[%clk 1:32:07]} 7. Nc3 {[%clk 1:29:54]} d6
{[%clk 1:28:34]} 8. Be2 {[%clk 1:24:51]} Nf6 {[%clk 1:25:05]} 9. O-O
{[%clk 1:24:03]} h5 {[%clk 1:25:29]} 10. f3 {[%clk 1:22:29]} Bd7 {[%clk 1:21:30]}
11. Qd2 {[%clk 1:18:01]} Rc8 {[%clk 1:21:17]} 12. Nd5 {[%clk 1:10:12]} Nxd5
{[%clk 1:21:26]} 13. exd5 {[%clk 1:09:51]} Nxd4 {[%clk 1:19:28]} 14. Bxd4
{[%clk 1:10:11]} O-O {[%clk 1:17:55]} 15. f4 {[%clk 1:08:32]} Bf5
{[%clk 1:15:30]} 16. Rac1 {[%clk 1:03:25]} Bxd4+ {[%clk 1:15:38]} 17. Qxd4
{[%clk 1:03:46]} Qa5 {[%clk 1:15:49]} 18. Rc3 {[%clk 0:55:16]} Qc5
{[%clk 1:14:48]} 19. Qxc5 {[%clk 0:53:10]} dxc5 {[%clk 1:15:10]} 20. Rb3
{[%clk 0:50:04]} Rc7 {[%clk 1:15:28]} 21. Bf3 {[%clk 0:50:13]} b5
{[%clk 1:12:58]} 22. Ra3 {[%clk 0:49:25]} bxc4 {[%clk 1:12:03]} 23. Be2
{[%clk 0:46:13]} Rb8 {[%clk 1:12:02]} 24. Bxc4 {[%clk 0:45:25]} Rxb2
{[%clk 1:12:19]} 25. Rxa6 {[%clk 0:41:50]} Be4 {[%clk 1:11:28]} 26. Rf2
{[%clk 0:38:56]} Rb4 {[%clk 1:11:15]} 27. Bb3 {[%clk 0:35:17]} c4
{[%clk 1:07:35]} 28. Bc2 {[%clk 0:35:25]} Bxd5 {[%clk 1:05:16]} 29. f5
{[%clk 0:35:40]} g5 {[%clk 1:04:37]} 30. Ra5 {[%clk 0:29:09]} Rd7
{[%clk 0:56:56]} 31. Rd2 {[%clk 0:24:47]} e6 {[%clk 0:52:26]} 32. f6
{[%clk 0:23:45]} Rb8 {[%clk 0:51:00]} 33. Re2 {[%clk 0:19:13]} Ra8
{[%clk 0:50:06]} 34. Rxa8+ {[%clk 0:18:32]} Bxa8 {[%clk 0:50:29]} 35. Kf2
{[%clk 0:13:59]} Kf8 {[%clk 0:48:37]} 36. Ba4 {[%clk 0:10:55]} Rd8
{[%clk 0:46:50]} 37. g3 {[%clk 0:07:10]} Kg8 {[%clk 0:41:07]} 38. Bc2
{[%clk 0:06:52]} Bc6 {[%clk 0:41:23]} 39. Ke3 {[%clk 0:06:06]} c3
{[%clk 0:38:50]} 40. h4 {[%clk 0:06:00]} g4 {[%clk 0:38:57]} 41. Re1
{[%clk 0:04:48]} Rd2 {[%clk 0:36:51]} 42. Re2 {[%clk 0:04:24]} Rd6
{[%clk 0:35:14]} 43. Kf4 {[%clk 0:02:57]} Bf3 {[%clk 0:34:10]} 44. Re5
{[%clk 0:02:07]} Kf8 {[%clk 0:24:24]} 45. Rc5 {[%clk 0:01:47]} Ke8
{[%clk 0:18:21]} 46. Rxc3 {[%clk 0:01:44]} Kd7 {[%clk 0:15:12]} 47. Rd3
{[%clk 0:01:25]} Bd5 {[%clk 0:15:31]} 48. a4 {[%clk 0:01:43]} Rc6
{[%clk 0:10:42]} 49. Bb3 {[%clk 0:01:26]} Kd6 {[%clk 0:11:07]} 50. Kg5
{[%clk 0:01:36]} Ke5 {[%clk 0:10:39]} 51. Re3+ {[%clk 0:01:09]} Be4
{[%clk 0:09:04]} 52. Kxh5 {[%clk 0:01:13]} Kf5 {[%clk 0:08:32]} 53. Bd1
{[%clk 0:01:18]} Rc8 {[%clk 0:07:08]} 54. Bxg4+ {[%clk 0:00:57]} Kxf6
{[%clk 0:07:21]} 55. Bxe6 {[%clk 0:01:21]} Bg6+ {[%clk 0:07:27]} 56. Kg4
{[%clk 0:01:41]} fxe6 {[%clk 0:07:45]} 57. Ra3 {[%clk 0:01:08]} e5
{[%clk 0:06:27]} 58. Kf3 {[%clk 0:01:13]} Be8 {[%clk 0:06:34]} 59. a5
{[%clk 0:01:20]} Rc7 {[%clk 0:06:47]} 60. a6 {[%clk 0:01:35]} Ra7
{[%clk 0:07:10]} 61. g4 {[%clk 0:01:43]} Bb5 {[%clk 0:07:26]} 62. Ke4
{[%clk 0:01:12]} Bc6+ {[%clk 0:06:01]} 63. Ke3 {[%clk 0:01:34]} Bd7
{[%clk 0:06:00]} 64. g5+ {[%clk 0:01:43]} Kf5 {[%clk 0:06:25]} 65. Ra5
{[%clk 0:02:01]} Be8 {[%clk 0:06:24]} 66. Ra1 {[%clk 0:01:33]} Bb5
{[%clk 0:06:08]} 67. Rg1 {[%clk 0:00:37]} Rxa6 {[%clk 0:06:26]} 68. h5
{[%clk 0:01:03]} Ra3+ {[%clk 0:06:02]} 69. Kf2 {[%clk 0:01:18]} Kf4
{[%clk 0:06:15]} 70. g6 {[%clk 0:01:40]} Ra2+ {[%clk 0:06:10]} 71. Ke1
{[%clk 0:01:56]} Ra1+ {[%clk 0:06:26]} 72. Kf2 {[%clk 0:02:20]} Rxg1
{[%clk 0:06:42]} 73. Kxg1 {[%clk 0:02:49]} Kg5 {[%clk 0:06:57]} 74. Kf2
{[%clk 0:02:18]} Kxh5 {[%clk 0:04:27]} 75. g7 {[%clk 0:02:38]} Bc4
{[%clk 0:04:50]} 76. Ke3 {[%clk 0:02:38]} Kg5 {[%clk 0:05:10]} 77. Ke4
{[%clk 0:02:50]} Kf6 {[%clk 0:05:30]} 0-1

[Event "Göteborg Open 2015"]
[Site "Biblioteksgatan 2, Mölnlycke, Sweden"]
[Date "2015.08.16"]
[Round "7.9"]
[White "Wengholm, Anders"]
[Black "Svensson, Leif"]
[Result "1/2-1/2"]
[BlackElo "2106"]
[WhiteElo "2193"]
[LiveChessVersion "1.4.6"]

1. Nf3 {[%clk 1:30:57]} d5 {[%clk 1:30:55]} 2. d4 {[%clk 1:30:52]} Bf5
{[%clk 1:31:18]} 3. c4 {[%clk 1:30:39]} e6 {[%clk 1:31:42]} 4. Qb3
{[%clk 1:26:01]} Nc6 {[%clk 1:31:55]} 5. a3 {[%clk 1:17:25]} Na5 {[%clk 1:24:35]}
6. Qa4+ {[%clk 1:13:27]} c6 {[%clk 1:24:43]} 7. cxd5 {[%clk 1:12:12]} exd5
{[%clk 1:25:05]} 8. Qd1 {[%clk 1:02:16]} Nc4 {[%clk 1:19:02]} 9. g3
{[%clk 0:55:44]} Nf6 {[%clk 1:13:18]} 10. Bg2 {[%clk 0:53:15]} Be7
{[%clk 1:13:10]} 11. O-O {[%clk 0:52:33]} Qc8 {[%clk 1:12:40]} 12. Re1
{[%clk 0:51:02]} Bh3 {[%clk 1:07:42]} 13. Bh1 {[%clk 0:51:14]} Ne4
{[%clk 1:07:09]} 14. Nc3 {[%clk 0:49:46]} Qf5 {[%clk 1:00:52]} 15. Nxe4
{[%clk 0:30:37]} dxe4 {[%clk 1:00:13]} 16. Qc2 {[%clk 0:23:14]} Nd6
{[%clk 1:00:17]} 17. Nd2 {[%clk 0:21:25]} e3 {[%clk 0:59:18]} 18. Qxf5
{[%clk 0:21:47]} Nxf5 {[%clk 0:59:41]} 19. Nf3 {[%clk 0:21:45]} exf2+
{[%clk 0:59:35]} 20. Kxf2 {[%clk 0:22:08]} Rd8 {[%clk 0:59:04]} 21. Bg2
{[%clk 0:09:55]} Bxg2 {[%clk 0:58:01]} 22. Kxg2 {[%clk 0:10:24]} O-O
{[%clk 0:57:27]} 23. e3 {[%clk 0:09:18]} Rfe8 {[%clk 0:57:38]} 24. g4
{[%clk 0:07:38]} Nd6 {[%clk 0:55:56]} 25. e4 {[%clk 0:08:01]} Nb5
{[%clk 0:54:30]} 26. Be3 {[%clk 0:07:59]} Bf8 {[%clk 0:54:44]} 27. Bf2
{[%clk 0:07:47]} Nc7 {[%clk 0:53:44]} 28. Rad1 {[%clk 0:07:51]} Ne6
{[%clk 0:54:02]} 29. Bg3 {[%clk 0:07:44]} g6 {[%clk 0:51:34]} 30. Be5
{[%clk 0:06:28]} Rd7 {[%clk 0:46:27]} 31. Rd2 {[%clk 0:06:26]} Bh6
{[%clk 0:45:57]} 32. Rdd1 {[%clk 0:04:16]} Rde7 {[%clk 0:40:17]} 33. Kg3
{[%clk 0:02:08]} Bg7 {[%clk 0:35:24]} 34. Bxg7 {[%clk 0:02:37]} Kxg7
{[%clk 0:35:46]} 35. g5 {[%clk 0:02:46]} Nc7 {[%clk 0:35:33]} 36. Kf4
{[%clk 0:02:25]} h6 {[%clk 0:34:33]} 37. h4 {[%clk 0:02:45]} Nb5 {[%clk 0:31:21]}
38. Rd2 {[%clk 0:02:36]} Nd6 {[%clk 0:30:31]} 39. Ne5 {[%clk 0:02:38]} Re6
{[%clk 0:28:32]} 40. Rde2 {[%clk 0:01:54]} f6 {[%clk 0:27:51]} 41. gxf6+
{[%clk 0:02:13]} Rxf6+ {[%clk 0:27:54]} 42. Kg3 {[%clk 0:01:05]} Nb5
{[%clk 0:26:22]} 43. Nf3 {[%clk 0:01:20]} Ref8 {[%clk 0:26:33]} 44. Re3
{[%clk 0:01:33]} Rf4 {[%clk 0:26:09]} 45. a4 {[%clk 0:01:32]} Nd6
{[%clk 0:22:31]} 46. Ne5 {[%clk 0:01:14]} Rf2 {[%clk 0:19:24]} 47. R1e2
{[%clk 0:01:23]} Rxe2 {[%clk 0:19:12]} 48. Rxe2 {[%clk 0:01:52]} Rf1
{[%clk 0:19:25]} 49. Nf3 {[%clk 0:01:23]} Rd1 {[%clk 0:18:21]} 50. Kf4
{[%clk 0:01:34]} Rd3 {[%clk 0:17:10]} 51. Rd2 {[%clk 0:00:56]} g5+
{[%clk 0:17:04]} 52. hxg5 {[%clk 0:01:18]} hxg5+ {[%clk 0:17:27]} 53. Kg4
{[%clk 0:01:32]} Nxe4 {[%clk 0:16:35]} 54. Rxd3 {[%clk 0:00:56]} Nf2+
{[%clk 0:17:00]} 55. Kxg5 {[%clk 0:01:16]} Nxd3 {[%clk 0:17:22]} 56. b3
{[%clk 0:01:27]} Nc1 {[%clk 0:14:32]} 57. Nd2 {[%clk 0:01:07]} Ne2
{[%clk 0:14:50]} 58. Nf3 {[%clk 0:01:28]} Kf7 {[%clk 0:14:43]} 59. Kf5
{[%clk 0:01:51]} Ke7 {[%clk 0:14:51]} 60. d5 {[%clk 0:01:13]} c5 {[%clk 0:12:14]}
61. Ke5 {[%clk 0:01:20]} Nc1 {[%clk 0:10:14]} 62. d6+ {[%clk 0:01:18]} Kd7
{[%clk 0:10:26]} 63. Nd2 {[%clk 0:00:59]} b6 {[%clk 0:10:36]} 64. Kd5
{[%clk 0:01:14]} Ne2 {[%clk 0:08:37]} 1/2-1/2

[Event "Göteborg Open 2015"]
[Site "Biblioteksgatan 2, Mölnlycke, Sweden"]
[Date "2015.08.16"]
[Round "7.10"]
[White "Blomqvist, Erik"]
[Black "Harstad, Christian"]
[Result "1-0"]
[BlackElo "1948"]
[WhiteElo "2508"]
[LiveChessVersion "1.4.6"]

1. e4 e5 2. Nf3 Nc6 3. Bb5 a6 4. Ba4 Nf6 5. O-O Be7 6. d3 b5 7. Bb3 d6 8. a3 O-O
9. Nc3 Be6 10. Nd5 Bxd5 11. exd5 Na5 12. Ba2 c5 13. dxc6 Qc7 14. Re1 h6 15. Nh4
Qxc6 16. Nf5 Rfe8 17. Re3 Bf8 18. Rg3 g5 19. Bxg5 hxg5 20. Rxg5+ Kh7 21. Bxf7 1-0

[Event "Göteborg Open 2015"]
[Site "Biblioteksgatan 2, Mölnlycke, Sweden"]
[Date "2015.08.16"]
[Round "8.1"]
[White "Rozentalis, Eduardas"]
[Black "Al-Hadarani, Hatim"]
[Result "1-0"]
[BlackElo "2254"]
[WhiteElo "2528"]
[LiveChessVersion "1.4.6"]

1. e4 {[%clk 1:30:57]} c6 {[%clk 1:29:05]} 2. d4 {[%clk 1:30:58]} g6
{[%clk 1:29:26]} 3. Nc3 {[%clk 1:30:57]} d5 {[%clk 1:29:41]} 4. h3
{[%clk 1:30:56]} Bg7 {[%clk 1:27:51]} 5. Nf3 {[%clk 1:31:11]} dxe4
{[%clk 1:24:01]} 6. Nxe4 {[%clk 1:31:27]} Nd7 {[%clk 1:23:41]} 7. Bc4
{[%clk 1:28:37]} Ngf6 {[%clk 1:17:07]} 8. Nxf6+ {[%clk 1:28:06]} Nxf6
{[%clk 1:17:17]} 9. O-O {[%clk 1:28:24]} O-O {[%clk 1:16:49]} 10. c3
{[%clk 1:27:43]} a5 {[%clk 1:10:48]} 11. a4 {[%clk 1:26:51]} Nd5 {[%clk 1:08:48]}
12. Re1 {[%clk 1:26:05]} h6 {[%clk 1:08:21]} 13. Ne5 {[%clk 1:23:13]} Kh7
{[%clk 1:06:52]} 14. Bd3 {[%clk 1:16:51]} Kg8 {[%clk 0:57:51]} 15. Qf3
{[%clk 1:15:27]} Bd7 {[%clk 0:56:15]} 16. Qg3 {[%clk 1:13:01]} Qc8
{[%clk 0:52:47]} 17. c4 {[%clk 1:04:35]} Nb4 {[%clk 0:52:27]} 18. Bxh6
{[%clk 1:02:41]} Bf5 {[%clk 0:41:23]} 19. Bxg7 {[%clk 0:59:27]} Kxg7
{[%clk 0:41:32]} 20. Be4 {[%clk 0:59:09]} Rh8 {[%clk 0:38:18]} 21. Ra3
{[%clk 0:56:44]} Nc2 {[%clk 0:27:19]} 22. Bxf5 {[%clk 0:54:07]} Qxf5
{[%clk 0:26:57]} 23. Rf3 {[%clk 0:54:14]} Qxf3 {[%clk 0:25:42]} 24. Qxf3
{[%clk 0:53:48]} f6 {[%clk 0:25:53]} 25. Qe4 {[%clk 0:53:58]} 1-0

[Event "Göteborg Open 2015"]
[Site "Biblioteksgatan 2, Mölnlycke, Sweden"]
[Date "2015.08.16"]
[Round "8.2"]
[White "Åkesson, Joel"]
[Black "Westerberg, Jonathan"]
[Result "0-1"]
[BlackElo "2464"]
[WhiteElo "2264"]
[LiveChessVersion "1.4.6"]

1. g3 {[%clk 1:30:58]} e5 {[%clk 1:30:38]} 2. c4 {[%clk 1:31:23]} Nc6
{[%clk 1:31:04]} 3. Bg2 {[%clk 1:31:37]} f5 {[%clk 1:31:29]} 4. Nc3
{[%clk 1:28:31]} Nf6 {[%clk 1:31:54]} 5. d3 {[%clk 1:25:23]} Bb4 {[%clk 1:32:16]}
6. Nf3 {[%clk 1:25:18]} Bxc3+ {[%clk 1:32:42]} 7. bxc3 {[%clk 1:25:42]} d6
{[%clk 1:33:10]} 8. Rb1 {[%clk 1:22:59]} O-O {[%clk 1:33:15]} 9. O-O
{[%clk 1:23:08]} Qe8 {[%clk 1:33:22]} 10. Ne1 {[%clk 1:12:17]} f4
{[%clk 1:29:16]} 11. gxf4 {[%clk 1:08:41]} Qh5 {[%clk 1:29:45]} 12. fxe5
{[%clk 1:04:12]} Ng4 {[%clk 1:30:13]} 13. h3 {[%clk 1:04:04]} Ngxe5
{[%clk 1:29:43]} 14. f4 {[%clk 1:01:56]} Bxh3 {[%clk 1:28:37]} 15. fxe5
{[%clk 0:56:17]} Rxf1+ {[%clk 1:28:54]} 16. Kxf1 {[%clk 0:56:32]} Nxe5
{[%clk 1:16:41]} 17. Kg1 {[%clk 0:44:35]} Rf8 {[%clk 1:04:48]} 18. Rb5
{[%clk 0:33:21]} Bxg2 {[%clk 0:56:23]} 19. Nxg2 {[%clk 0:33:14]} c6
{[%clk 0:56:51]} 20. Rxe5 {[%clk 0:26:45]} dxe5 {[%clk 0:57:18]} 21. Be3
{[%clk 0:25:28]} b6 {[%clk 0:56:03]} 22. a4 {[%clk 0:22:44]} Rf6 {[%clk 0:55:26]}
23. c5 {[%clk 0:21:06]} Rg6 {[%clk 0:52:51]} 24. Qf1 {[%clk 0:11:57]} Qh3
{[%clk 0:51:55]} 25. Bf2 {[%clk 0:04:31]} Rh6 {[%clk 0:45:02]} 26. Nh4
{[%clk 0:03:25]} Rxh4 {[%clk 0:44:01]} 27. Bxh4 {[%clk 0:03:49]} Qxh4
{[%clk 0:44:28]} 28. cxb6 {[%clk 0:03:58]} Qg3+ {[%clk 0:41:23]} 29. Kh1
{[%clk 0:04:22]} axb6 {[%clk 0:41:37]} 30. Qb1 {[%clk 0:03:52]} Qf2
{[%clk 0:41:24]} 31. a5 {[%clk 0:03:31]} bxa5 {[%clk 0:40:17]} 32. Qb8+
{[%clk 0:03:19]} Qf8 {[%clk 0:38:52]} 33. Qxe5 {[%clk 0:03:32]} Qa8
{[%clk 0:39:17]} 34. Qc5 {[%clk 0:00:40]} a4 {[%clk 0:39:36]} 35. Qa3
{[%clk 0:01:03]} h6 {[%clk 0:39:55]} 36. e4 {[%clk 0:00:57]} Qa5 {[%clk 0:40:17]}
37. c4 {[%clk 0:00:49]} c5 {[%clk 0:39:58]} 0-1

[Event "Göteborg Open 2015"]
[Site "Biblioteksgatan 2, Mölnlycke, Sweden"]
[Date "2015.08.16"]
[Round "8.3"]
[White "Byklum, Björnar"]
[Black "Wiedenkeller, Michael"]
[Result "0-1"]
[BlackElo "2453"]
[WhiteElo "2283"]
[LiveChessVersion "1.4.6"]

1. d4 {[%clk 1:28:20]} Nf6 {[%clk 1:30:43]} 2. c4 {[%clk 1:28:43]} e6
{[%clk 1:31:07]} 3. Nc3 {[%clk 1:29:06]} Bb4 {[%clk 1:31:20]} 4. e3
{[%clk 1:29:32]} O-O {[%clk 1:31:32]} 5. Bd3 {[%clk 1:29:45]} d5 {[%clk 1:31:32]}
6. Nf3 {[%clk 1:30:02]} c5 {[%clk 1:31:48]} 7. O-O {[%clk 1:30:22]} cxd4
{[%clk 1:31:54]} 8. exd4 {[%clk 1:30:49]} dxc4 {[%clk 1:32:15]} 9. Bxc4
{[%clk 1:31:15]} b6 {[%clk 1:32:31]} 10. Qe2 {[%clk 1:31:05]} Bb7
{[%clk 1:31:57]} 11. Rd1 {[%clk 1:31:22]} Bxc3 {[%clk 1:09:36]} 12. bxc3
{[%clk 1:31:42]} Qc7 {[%clk 1:09:03]} 13. Bb2 {[%clk 1:21:44]} Nd5
{[%clk 1:04:30]} 14. Bxd5 {[%clk 0:59:48]} Bxd5 {[%clk 0:59:14]} 15. Ne5
{[%clk 0:55:26]} Qb7 {[%clk 0:56:28]} 16. c4 {[%clk 0:40:39]} Bxg2
{[%clk 0:53:48]} 17. d5 {[%clk 0:37:05]} Bh3 {[%clk 0:51:03]} 18. Rd3
{[%clk 0:37:19]} Bf5 {[%clk 0:50:25]} 19. Rg3 {[%clk 0:37:40]} f6
{[%clk 0:40:42]} 20. Rd1 {[%clk 0:32:25]} Na6 {[%clk 0:30:07]} 21. dxe6
{[%clk 0:28:35]} Bxe6 {[%clk 0:29:47]} 22. Ng4 {[%clk 0:20:16]} Bxg4
{[%clk 0:29:03]} 23. Qxg4 {[%clk 0:20:34]} Rae8 {[%clk 0:28:20]} 24. f3
{[%clk 0:13:59]} Nc5 {[%clk 0:26:41]} 25. h4 {[%clk 0:10:15]} Re2
{[%clk 0:24:22]} 26. Bc3 {[%clk 0:07:24]} Qf7 {[%clk 0:21:53]} 27. h5
{[%clk 0:07:16]} Rc2 {[%clk 0:20:37]} 28. f4 {[%clk 0:06:13]} h6 {[%clk 0:18:09]}
29. Qf5 {[%clk 0:03:09]} Re2 {[%clk 0:17:29]} 30. Rg6 {[%clk 0:03:30]} Qe7
{[%clk 0:13:45]} 31. Kf1 {[%clk 0:03:46]} Re3 {[%clk 0:11:23]} 32. Bd4
{[%clk 0:00:44]} Rf3+ {[%clk 0:11:11]} 33. Kg1 {[%clk 0:01:11]} Kh8
{[%clk 0:08:44]} 34. Qg4 {[%clk 0:00:36]} Qe2 {[%clk 0:06:19]} 35. Rb1
{[%clk 0:00:36]} Qe4 {[%clk 0:05:49]} 36. Rxg7 {[%clk 0:00:33]} Qxb1+
{[%clk 0:06:00]} 37. Kh2 {[%clk 0:00:54]} Qc2+ {[%clk 0:06:08]} 38. Kh1
{[%clk 0:01:19]} Qe4 {[%clk 0:04:20]} 0-1